书目信息 |
| 题名: |
西学研究
|
|
| 作者: | 陈莹雪 , 李隆国 主编 | |
| 分册: | 2023年第1辑/总第6辑 | |
| 出版信息: | 北京 商务印书馆 2024.08 |
|
| 页数: | 288页 | |
| 开本: | 23cm | |
| 丛书名: | ||
| 单 册: | ||
| 中图分类: | K107-55 | |
| 科图分类: | ||
| 主题词: | 西方国家--研究--丛刊 | |
| 电子资源: | ||
| ISBN: | 978-7-100-24310-0 | |
| 000 | 01026nam0 2200253 450 | |
| 001 | 012763854 | |
| 005 | 20251022201049.61 | |
| 010 | @a978-7-100-24310-0@dCNY99.00 | |
| 100 | @a20240926d2024 em y0chiy0120 ea | |
| 101 | 0 | @achi |
| 102 | @aCN@b110000 | |
| 105 | @ay z 000yy | |
| 106 | @ar | |
| 200 | 1 | @a西学研究@9xi xue yan jiu@h2023年第1辑/总第6辑@f陈莹雪,李隆国主编 |
| 210 | @a北京@c商务印书馆@d2024.08 | |
| 215 | @a288页@d23cm | |
| 300 | @a本书由北京大学社会科学部资助出版 北京大学希腊研究中心主办 | |
| 330 | @a本辑所录七篇文献,均首次被翻译成汉语,时间横跨中世纪多个历史时期,涉及中古西欧的多个核心地区。除译文外,译者亦提供了与翻译文本密切相关的历史背景、研究综述、版本源流、思想导读及评介注释等内容,很大程度上提升了翻译的学术价值。译文之外,本辑亦收录了五篇专题研究文章和五篇书评。 | |
| 606 | 0 | @a西方国家@x研究@j丛刊 |
| 690 | @aK107-55@v5 | |
| 701 | 0 | @a陈莹雪@9chen ying xue@4主编 |
| 701 | 0 | @a李隆国@9li long guo@4主编 |
| 801 | 0 | @aCN@c20250910 |
| 905 | @a河南城建学院图书馆@dK107@eC627:6@ZC627:6@f1 | |
| 西学研究.2023年第1辑/总第6辑/陈莹雪,李隆国主编.-北京:商务印书馆,2024.08 |
| 288页;23cm |
| 本书由北京大学社会科学部资助出版 北京大学希腊研究中心主办 |
| ISBN 978-7-100-24310-0:CNY99.00 |
| 本辑所录七篇文献,均首次被翻译成汉语,时间横跨中世纪多个历史时期,涉及中古西欧的多个核心地区。除译文外,译者亦提供了与翻译文本密切相关的历史背景、研究综述、版本源流、思想导读及评介注释等内容,很大程度上提升了翻译的学术价值。译文之外,本辑亦收录了五篇专题研究文章和五篇书评。 |
| ● |
| 相关链接 |
|
|
|
正题名:西学研究
索取号:K107/C627:6
 
预约/预借
| 序号 | 登录号 | 条形码 | 馆藏地/架位号 | 状态 | 备注 |
| 1 | 1633403 | 216334036 | 社科库309/309社科库 104排1列2层/ [索取号:K107/C627:6] | 在馆 |